000 00599nam a2200205Ia 4500
003 GCL
008 140319s9999 xx 000 0 eng d
020 _a9774244877
040 _aGCL /
_cGCL
082 0 4 _aCC
_b916.2
_bF C
100 1 _aFRANCY, E. CLAIRE
245 1 0 _aCAIRO :
_bTHE PRACTICAL GUIDE /
_cFRANCY, E. CLAIRE
700 1 _aMORTENSEN, JASHUE
260 _aالقاهرة :
_bTHE AMERICAN UNIVERSITY IN CAIRO PRESS ،
_c1999
300 _a212 P:
_bILL ؛
_c21 cm.
650 0 4 _aEGYPT
650 0 4 _aEGYPT - GUIDE BOOKS
650 0 4 _aCAIRO - DESCRIPTION AND TRAVEL
942 _2ddc
_cBK
999 _c16471
_d16471